عرض عادي
عرض مارك
- عبد الحميد، يوسف محمد،
دخول Personal Name
001 - CONTROL NUMBER
- control field: 29346
003 - CONTROL NUMBER IDENTIFIER
- control field: AE-AdECS
005 - DATE AND TIME OF LATEST TRANSACTION
- control field: 20260427095151.0
008 - FIXED-LENGTH DATA ELEMENTS
- fixed length control field: 260427|| aca||aabn | a|a d
040 ## - CATALOGING SOURCE
- Original cataloging agency: AE-AdECS
- Transcribing agency: AE-AdECS
100 ## - HEADING--PERSONAL NAME
- Personal name: عبد الحميد، يوسف محمد،
- Dates associated with a name: 1968-
670 ## - SOURCE DATA FOUND
- Source citation: Work cat.: (AE-AdECS)294931: عبد الحميد، يوسف محمد، 1968- مؤلف., تطبيقات الذكاء الاصطناعي في الخدمة الاجتماعية :
